000 00608nam a2200205Ia 4500
005 20250508153900.0
008 008 250505s9999 xx 000 0 eng d
037 _aTextual
040 _aFEDL
_beng
_cFEDL
041 _aeng
_2eng
084 _a371.422, MER
_qFEDL
100 _aMerriam Thornton W
245 0 _aReligious counselig of college students
260 _aWashington, USA
_bAmerican Council on Education
_c1943
300 _avii,76p.
490 _aAmerican Council on Education Studies
546 _aWeeded out
942 _cTEXL
_h371.422, MER
999 _c1346115
_d1346115